| 000 | 00476nam a22001811c 4500 | ||
|---|---|---|---|
| 001 | 414951867 | ||
| 008 | 060513s1963 gw |||| 000u ger d | ||
| 041 | _ager | ||
| 100 | 1 |
_aThalheimer, Siegfried _914483 |
|
| 245 | 0 | 4 |
_aDie Affäre Dreyfus / _cDreyfus, Alfred |
| 264 |
_aMünchen : _bdtv, _c1963 |
||
| 300 | _a327 S. 8" | ||
| 942 | _cMG | ||
| 040 | _cRU-10907106 | ||
| 003 | RU-10907106 | ||
| 999 |
_c10393 _d10393 |
||
| 490 | 0 |
_a(dtv[-Taschenbücher]. dtv-dokumente _v112) |
|
| 520 | _aEnth. Bibliogr | ||